书目信息 |
| 题名: |
激荡三十年
|
|
| 作者: | 吴晓波 著 | |
| 分册: | 上 | |
| 出版信息: | 北京 中信出版集团股份有限公司 2017 |
|
| 页数: | 377页 | |
| 开本: | 21cm | |
| 丛书名: | ||
| 单 册: | ||
| 中图分类: | F279.297.6 | |
| 科图分类: | ||
| 主题词: | 企业史--中国--1978-2008 | |
| 电子资源: | ||
| ISBN: | 978-7-5086-8264-8 | |
| 000 | 00980nam0 2200277 450 | |
| 001 | 202019134606 | |
| 005 | 20191002113834.0 | |
| 010 | @a978-7-5086-8264-8@b精装@dCNY58.00 | |
| 100 | @a20190930d2017 em y0chiy50 ea | |
| 101 | 0 | @achi |
| 102 | @aCN@b110000 | |
| 105 | @aa z 001yy | |
| 106 | @ar | |
| 200 | 1 | @a激荡三十年@AJi Dang San Shi Nian@e中国企业1978-2008@e十年典藏版@h上@f吴晓波著 |
| 205 | @a3版 | |
| 210 | @a北京@c中信出版集团股份有限公司@d2017 | |
| 215 | @a377页@c图@d21cm | |
| 300 | @a吴晓波企业史系列 | |
| 330 | @a本书介绍了中国企业在1978至2008年30年间的经济发展历史,以真切而激扬的写作手法描绘了中国企业在改革开放年代走向市场、走向世界的成长、发展之路。 | |
| 500 | 10 | @a激荡三十年@AJi Dang San Shi Nian |
| 517 | 1 | @a中国企业1978-2008@AZhong Guo Qi Ye1978-2008 |
| 606 | 0 | @a企业史@y中国@z1978-2008 |
| 690 | @aF279.297.6@v5 | |
| 701 | 0 | @a吴晓波@AWu Xiao Bo@f(1968~)@4著 |
| 801 | 0 | @aCN@c20190905 |
| 905 | @a河南城建学院图书馆@dF279.297.6@eW890=3:1 | |
| 激荡三十年:中国企业1978-2008:十年典藏版.上/吴晓波著.-3版.-北京:中信出版集团股份有限公司,2017 |
| 377页:图;21cm |
| 吴晓波企业史系列 |
| ISBN 978-7-5086-8264-8(精装):CNY58.00 |
| 本书介绍了中国企业在1978至2008年30年间的经济发展历史,以真切而激扬的写作手法描绘了中国企业在改革开放年代走向市场、走向世界的成长、发展之路。 |
| ● |
| 相关链接 |
|
|
|
正题名:激荡三十年
索取号:F279.297.6/W890=3:1
 
预约/预借
| 序号 | 登录号 | 条形码 | 馆藏地/架位号 | 状态 | 备注 |
| 1 | 1442745 | 214427459 | 下架/409社科库 101排5列3层/ [索取号:F279.297.6/W890=3:1] | 在馆 |